000 00701nam a22002537a 4500
001 0009153
003 DO-SdBNP
005 20180122105936.0
007 0009153
008 160309b 1963 sp a|||| |||| 00| 0 spa d
040 _aBPMSU
_bspa
_cBPMSU
092 _axxxxx
_bxxxxx
100 1 _aIonescu, Ángela C.
245 1 0 _aDetras de las nubes /
_cÁngela C. Ionescu.
260 _aMadrid :
_bDoncel,
_c1963.
300 _a119, [8] p. :
_bil. ;
_c26 cm.
490 1 _aClub del libro juvenil
490 1 _aLa ballena alegre
_v; 23
830 0 _aClub del libro juvenil
830 0 _aLa ballena alegre
_n23
942 _2ddc
_cBK
945 _ainventariado, 2018 / dg
956 _aLOPEREZ
_b10
999 _c9153
_d9153